Statistics for Sci-fi authors by character

Click here to take the quiz!

General Stats

  • This quiz has been taken 27 times
  • The average score is 8 of 15

Answer Stats

HintAnswer% Correct
Captain NemoJules Verne
85%
Arthur DentDouglas Adams
75%
Winston SmithGeorge Orwell
75%
HAL 9000Arthur C. Clarke
65%
Doctor MoreauH.G. Wells
65%
Paul AtreidesFrank Herbert
60%
Hari SeldonIsaac Asimov
55%
Ender WigginOrson Scott Card
55%
Rick DeckardPhilip K. Dick
45%
Guy MontagRay Bradbury
40%
Johnnie RicoRobert A. Heinlein
40%
Genly AiUrsula K. Le Guin
30%
John PerryJohn Scalzi
25%
Grand Admiral ThrawnTimothy Zahn
25%
Hiro ProtagonistNeal Stephenson
20%

Score Distribution

Percentile by Number Answered

Percent of People with Each Score

Your Score History

You have not taken this quiz